Ricostruisci la Carriera del Calciatore - Përparim Hetemaj - Statistics

Statistiche generali
  • Questo quiz è stato fatto 3 volte
  • Il punteggio medio è 3 su 11
Statistiche sulle risposte
Hint Risposta % Corretto
2005-2006 HJK
100%
2011-2019 Chievo
67%
2008-2009 AEK Atene
33%
2008 Apollōn Kalamarias
33%
2019-2021 Benevento
33%
2006-2008 AEK Atene
0%
2010-2011 Brescia
0%
2024- Gilla
0%
2022-2023 HJK
0%
2021-2022 Reggina
0%
2009-2010 Twente
0%
Nessun quiz corrispondente trovato
Distribuzione punteggi
Percentuale di utenti per punteggio
Percentile per numero di risposta
I tuoi punteggi nel tempo
Non hai fatto questo quiz